Представление документа в формате RUSMARC

ПолеНазваниеЗначение
  Тип записи a
  Библиографический уровень a
001 Контрольный номер RU/CBS_UL/BASE/486e70ede03c44309087b298813352bc
005 Дата корректировки 20240718170857.4
100 Данные общей обработки __
a Данные общей обработки 20240718 ||| 0rusy0189 ca
101 Язык документа 0_
a Язык текста rus
102 Страна публикации __
a Страна публикации RU
200 Заглавие и сведения об ответственности 1_
a Заглавие Использование дидактического материала "Веселый карандашик"
e Сведения, относящиеся к заглавию [коррекционная работа с детьми с тяжелыми нарушениями речи ]
f Первые сведения об ответственности Р. Абдуллина
300 Общие примечания __
a Общие примечания 16+
461 Уровень набора _0
1 2000
a Магариф
463 Уровень физической единицы _0
1 2000
a № 6
v С. 62-65
1 2101
d 2024
1 001RU/CBS_UL/BASE/971c71549ff445e9a3559af2c7e6619f
606 Тематические рубрики 0_
a Основная рубрика Дошкольная педагогика
610 Ключевые слова 0_
a Ключевые слова дошкольное воспитание
610 Ключевые слова 0_
a Ключевые слова воспитание
610 Ключевые слова 0_
a Ключевые слова дошкольная педагогика
610 Ключевые слова 0_
a Ключевые слова коррекционная педагогика
610 Ключевые слова 0_
a Ключевые слова нарушение речи
686 Индексы других классификаций __
2 Код системы rubbk
a Классификационный индекс 74.1
700 Автор _1
a Фамилия Абдуллина
b Имя (инициалы) Р.
801 Источник записи _0
a Страна RU
b Организация МБУК ЦБС г. Ульяновска
c Дата составления 20240718
g Правила каталогизации RCR
801 Источник записи _1
a Страна RU
b Организация МБУК ЦБС г. Ульяновска
c Дата составления 20240718
g Правила каталогизации RCR
901 Тип документа __
t Тип документа b
w Контрольный № источника RU/CBS_UL/BASE/971c71549ff445e9a3559af2c7e6619f
909 Создатель записи __
a Создатель записи lib17